000 01116cam a22003494a 4500
001 13469
003 04556876
005 20260204114801.0
008 020402s2003 njua 001 0 eng
010 _a 2002005105
020 _a08053549X
020 _a9780805354591
035 _a12727963
040 _aDLC
_cDLC
_dDLC
_dBSULIB
042 _apcc
050 0 0 _aQM23.2
_b.M356 2003
082 0 0 _a611
_221
_bIRE
100 1 _aIreland A, Kathleen
_926262
245 1 0 _aWork book to accompany student tutor CD-ROM
_cIreland A. Kathleen
250 _a4th ed.
260 _aNew York:
_bPearson Education Inc.,
_cc2004.
300 _av, 121 p. :
_bill.
_c23cm.
650 0 _aHuman anatomy.
_92420
650 0 _aHuman anatomy
_92420
655 7 _2lcgft
700 1 _aTimmons, Michael J.
_926263
700 1 _aTallitsch, Robert B.
_926264
906 _a7
_bcbc
_corignew
_d1
_eecip
_f20
_gy-gencatlg
942 _2ddc
_cBK
999 _c13469
_d13469